=LDR 00000nam 2200000 4500 =001 INLIS000000000054573 =005 20210317090845 =035 ##$$a 0010-0220000135 =007 ta =008 210317################g##########0#ind## =020 ##$$a 978-979-055-532-7 =082 ##$$a 297.73 =084 ##$$a 297.73 Sri t =245 ##$$a Tempat tempat yang disebut dalam al Qur'an /$c Sri Al Hidayati =300 ##$$a iii, 29 halaman : $b Ilustrasi ; $c 27 Cm. =650 #4$$a Pendidikan Islam =700 #$$a Editor : Abdul Wahab =264 ##$$a Bandung :$b Sigma Kaya Imaji,$c 2018 =336 ##$$a teks$2 rdacontent =337 ##$$a lain-lain$2 rdamedia =338 ##$$a lain-lain$2 rdacarrier =990 ##$$a 3202000984 =990 ##$$a 3202000985